<?xml version="1.0" encoding="UTF-8"?>
<record
    xmlns:xsi="http://www.w3.org/2001/XMLSchema-instance"
    xsi:schemaLocation="http://www.loc.gov/MARC21/slim http://www.loc.gov/standards/marcxml/schema/MARC21slim.xsd"
    xmlns="http://www.loc.gov/MARC21/slim">

  <leader>01030nam a22002297a 4500</leader>
  <controlfield tag="003">OSt</controlfield>
  <controlfield tag="005">20250901111519.0</controlfield>
  <controlfield tag="008">250828b        |||||||| |||| 00| 0 eng d</controlfield>
  <datafield tag="020" ind1=" " ind2=" ">
    <subfield code="a">9789352706785</subfield>
  </datafield>
  <datafield tag="040" ind1=" " ind2=" ">
    <subfield code="a">PHNSL</subfield>
    <subfield code="c">PHNSL</subfield>
    <subfield code="b">Eng</subfield>
  </datafield>
  <datafield tag="100" ind1=" " ind2=" ">
    <subfield code="a">Jacob, Annamma</subfield>
  </datafield>
  <datafield tag="245" ind1=" " ind2=" ">
    <subfield code="a">A comprehensive textbook of midwifery and gynecological nursing /</subfield>
    <subfield code="c">Annamma Jacob.</subfield>
  </datafield>
  <datafield tag="250" ind1=" " ind2=" ">
    <subfield code="a">5th ed.</subfield>
  </datafield>
  <datafield tag="260" ind1=" " ind2=" ">
    <subfield code="a">New Delhi, India :</subfield>
    <subfield code="b">Jaypee Brothers Medical Publishers (P) Ltd,</subfield>
    <subfield code="c">2019.</subfield>
  </datafield>
  <datafield tag="300" ind1=" " ind2=" ">
    <subfield code="a">xxvi, 768 p. :</subfield>
    <subfield code="b"> ill., graphs,</subfield>
  </datafield>
  <datafield tag="500" ind1=" " ind2=" ">
    <subfield code="a">This book is syllabus oriented, it presents accurate and clinically relevant information. It includes study questions at the end of most chapters.</subfield>
  </datafield>
  <datafield tag="504" ind1=" " ind2=" ">
    <subfield code="a">Includes appendix and Index.</subfield>
  </datafield>
  <datafield tag="505" ind1=" " ind2=" ">
    <subfield code="a">Historical review, Development of maternity services, Midwife definition of term, Nursing processes, Female Pelvis and generative organs, Fertilization, etc.</subfield>
  </datafield>
  <datafield tag="650" ind1=" " ind2=" ">
    <subfield code="2">Midwifery and gynecological nursing</subfield>
    <subfield code="a">India</subfield>
  </datafield>
  <datafield tag="651" ind1=" " ind2=" ">
    <subfield code="2">Tamil Nadu, India</subfield>
    <subfield code="a">India</subfield>
    <subfield code="v">Gynaecology</subfield>
    <subfield code="x">Midwifery</subfield>
  </datafield>
  <datafield tag="942" ind1=" " ind2=" ">
    <subfield code="2">lcc</subfield>
    <subfield code="c">BK</subfield>
  </datafield>
  <datafield tag="999" ind1=" " ind2=" ">
    <subfield code="c">586</subfield>
    <subfield code="d">586</subfield>
  </datafield>
  <datafield tag="952" ind1=" " ind2=" ">
    <subfield code="0">0</subfield>
    <subfield code="1">0</subfield>
    <subfield code="2">lcc</subfield>
    <subfield code="4">0</subfield>
    <subfield code="7">0</subfield>
    <subfield code="a">PHNS</subfield>
    <subfield code="b">PHNS</subfield>
    <subfield code="c">GEN</subfield>
    <subfield code="d">2025-09-01</subfield>
    <subfield code="l">0</subfield>
    <subfield code="o">RG105. J15</subfield>
    <subfield code="p">01765</subfield>
    <subfield code="r">2025-09-01 11:24:32</subfield>
    <subfield code="t">C.1</subfield>
    <subfield code="w">2025-09-01</subfield>
    <subfield code="y">BK</subfield>
    <subfield code="z">hnoo 01/09/25</subfield>
  </datafield>
  <datafield tag="952" ind1=" " ind2=" ">
    <subfield code="0">0</subfield>
    <subfield code="1">0</subfield>
    <subfield code="2">lcc</subfield>
    <subfield code="4">0</subfield>
    <subfield code="7">0</subfield>
    <subfield code="a">PHNS</subfield>
    <subfield code="b">PHNS</subfield>
    <subfield code="d">2025-09-03</subfield>
    <subfield code="l">0</subfield>
    <subfield code="o">RG105.J15</subfield>
    <subfield code="p">01766</subfield>
    <subfield code="r">2025-09-03 11:47:00</subfield>
    <subfield code="t">c.2</subfield>
    <subfield code="w">2025-09-03</subfield>
    <subfield code="y">BK</subfield>
    <subfield code="z">Hnoo 01/09/25</subfield>
  </datafield>
  <datafield tag="952" ind1=" " ind2=" ">
    <subfield code="0">0</subfield>
    <subfield code="1">0</subfield>
    <subfield code="2">lcc</subfield>
    <subfield code="4">0</subfield>
    <subfield code="7">0</subfield>
    <subfield code="a">PHNS</subfield>
    <subfield code="b">PHNS</subfield>
    <subfield code="d">2025-09-03</subfield>
    <subfield code="l">0</subfield>
    <subfield code="o">RG105.J15</subfield>
    <subfield code="p">01767</subfield>
    <subfield code="r">2025-09-03 11:47:00</subfield>
    <subfield code="t">c.3</subfield>
    <subfield code="w">2025-09-03</subfield>
    <subfield code="y">BK</subfield>
    <subfield code="z">Hnoo 01/09/25</subfield>
  </datafield>
  <datafield tag="952" ind1=" " ind2=" ">
    <subfield code="0">0</subfield>
    <subfield code="1">0</subfield>
    <subfield code="2">lcc</subfield>
    <subfield code="4">0</subfield>
    <subfield code="7">0</subfield>
    <subfield code="a">PHNS</subfield>
    <subfield code="b">PHNS</subfield>
    <subfield code="d">2025-09-03</subfield>
    <subfield code="l">0</subfield>
    <subfield code="o">RG105.J15</subfield>
    <subfield code="p">01768</subfield>
    <subfield code="r">2025-09-03 11:47:00</subfield>
    <subfield code="t">c.4</subfield>
    <subfield code="w">2025-09-03</subfield>
    <subfield code="y">BK</subfield>
    <subfield code="z">Hnoo 01/09/25</subfield>
  </datafield>
  <datafield tag="952" ind1=" " ind2=" ">
    <subfield code="0">0</subfield>
    <subfield code="1">0</subfield>
    <subfield code="2">lcc</subfield>
    <subfield code="4">0</subfield>
    <subfield code="7">0</subfield>
    <subfield code="a">PHNS</subfield>
    <subfield code="b">PHNS</subfield>
    <subfield code="d">2025-09-03</subfield>
    <subfield code="l">0</subfield>
    <subfield code="o">RG105.J15</subfield>
    <subfield code="p">01769</subfield>
    <subfield code="r">2025-09-03 11:47:00</subfield>
    <subfield code="t">c.5</subfield>
    <subfield code="w">2025-09-03</subfield>
    <subfield code="y">BK</subfield>
    <subfield code="z">Hnoo 01/09/25</subfield>
  </datafield>
</record>
